MLB PRO SPIRIT【メジャスピ】 球種名 - Statistics

General Stats
  • This quiz has been taken 99 times
    13 since last reset
  • The average score is 15 of 36
Answer Stats
球種名 % Correct
スライダー(縦・斜め)
100%
フォーク
100%
カーブ
92%
スイーパー
92%
スプリット
92%
シンカー(横・斜め)
83%
ナックル
83%
カットボール(縦・横)
75%
チェンジアップ
75%
フォーシーム
75%
ナックルカーブ
67%
高速シンカー
58%
高速スライダー
58%
サークルチェンジ
50%
ツーシームファスト
42%
エアベンダー
33%
シンキングファスト
33%
スローカーブ
33%
スロースイーパー
33%
ドロップカーブ
33%
高速チェンジアップ
25%
スクリュー
25%
スプリンカー
25%
カットファスト
17%
ゴーストフォーク
17%
スパイクカーブ
17%
スロースクリュー
17%
スローチェンジアップ
17%
サイドスピンファスト
8%
ジャイロスプリット
8%
スランビオ
8%
スローサークルチェンジ
8%
スローボール
8%
フォッシュ
8%
ライジングファスト
8%
バルカンチェンジ
0%
No matching quizzes found
Score Distribution
Percent of People with Each Score
Percentile by Number Answered
Your Score History
You have not taken this quiz since the last reset